000 00483nam a2200145Ia 4500
008 100122s9999 xx 000 0 und d
082 _b1270
_a823
100 _aआपटे ह ना
245 _aकेवळ स्वराज्यासाठी
260 _bप्रकाशक शोधणे
_c1924
300 _a55
630 _aकेवळ स्वराज्यासाठी
730 _aकेवळ स्वराज्यासाठी
942 _cBOOK
999 _c396045
_d396042